| 000 | 00751nam a2200277Ia 4500 | ||
|---|---|---|---|
| 005 | 20260121125338.0 | ||
| 008 | 008 260114s9999 xx 000 0 eng d | ||
| 020 | _a9780231546225 | ||
| 037 | _aEBOOK | ||
| 040 | _aCRL | ||
| 040 | _beng | ||
| 040 | _cCRL | ||
| 041 | _2eng | ||
| 041 | _aeng | ||
| 084 | _qCRL | ||
| 100 |
_aTillman, Margaret Mih _9991385 |
||
| 245 | 0 | _aRaising Chinas Revolutionaries: Modernizing Childhood for Cosmopolitan Nationalists and Liberated Comrades, 1920s-1950s | |
| 260 | _bWalter de Gruyter | ||
| 260 | _bWalter de Gruyter | ||
| 260 | _c2018 | ||
| 650 |
_aHistory _9991386 |
||
| 856 | _uhttp://www.degruyter.com/isbn/9780231546225 | ||
| 942 | _cEBOOK | ||
| 999 |
_c1561318 _d1561318 |
||